|
003 -Nazwa inst., której nr kontr. jest w polu 001 [,]
|
-
- @
- Nazwa instytucji, której n kontrolny jest w polu 001
- NUKAT
|
|
005 -DATA I CZAS OSTATNIEJ MODYFIKACJI [,]
|
-
- @
- pole kontrolne
- 20260401190729.0
|
|
020 -Międzynarod. znormalizowany nr książki - ISBN [ , ]
|
-
- a
- Numer ISBN
- 9788382863123
|
|
040 -Instytucja sporządzająca opis [ , ]
|
-
- a
- Instytucja, która sporządziła opis (NP)
- WA U/91UKP
-
- b
- Język katalogowania
- pol
-
- e
- Zasady katalogowania
- rda
-
- c
- Instytucja, która sporządziła rekord (NP)
- WA U/UKP
-
- d
- Instytucja, która zmodyfikowała rekord (P)
- WA U/91UKP
-
- d
- Instytucja, która zmodyfikowała rekord (P)
- WA U/91UKP
-
- d
- Instytucja, która zmodyfikowała rekord (P)
- KAT U/24AGs
-
- d
- Instytucja, która zmodyfikowała rekord (P)
- WR U/PAdml
-
- d
- Instytucja, która zmodyfikowała rekord (P)
- WA 14/ABs
|
|
942 -Rodzaj dokumentu [ , ]
|
-
- c
- Rodzaj dokumentu
- Książka
|
|
245 -Strefa tytułu i oznaczenia odpowiedzialności [0,0]
|
-
- a
- Tytuł
- Prawo administracyjne :
-
- b
- Ciąg dalszy tytułu (NP)
- zagadnienia ogólne i ustrojowe /
-
- c
- Pozostałe elementy strefy tytułu i oznaczenia odpowiedzialności (NP)
- redakcja naukowa Jolanta Blicharz, Piotr Lisowski ; poszczególne rozdziały napisali: Jolanta Behr, Jolanta Blicharz, Maciej Błażewski, Dominika Cendrowicz, Agnieszka Chrisidu-Budnik, Małgorzata Giełda, Krzysztof Horubski, Karol Kiczka, Jerzy Korczak, Barbara Kowalczyk, Małgorzata Kozłowska, Karolina Kulińska-Jachowska, Łukasz Prus, Renata Kusiak-Winter, Piotr Lisowski, Justyna Mielczarek-Mikołajów, Marcin Miemiec, Rafał Mikowski, Adam Ostapski, Andrzej Pakuła, Justyna Przedańska, Renata Raszewska-Skałecka, Krzysztof Sobieralski, Jerzy Supernat, Magdalena Tabernacka.
|
|
250 -Strefa wydania [ , ]
|
-
- a
- Oznaczenie wydania (NP)
- Stan prawny na 1 marca 2022 roku.
|
|
260 -Strefa adresu wydawniczego [ , ]
|
-
- a
- Miejsce wydania (P)
- Warszawa :
-
- b
- Nazwa wydawcy (P)
- Wolters Kluwer,
-
|
|
300 -Strefa opisu fizycznego [ , ]
|
-
- a
- Określenie formy książki i/lub objętość (NP)
- 803 strony ;
-
|
|
336 -Typ zawartości [ , ]
|
-
- a
- Termin opisujący typ zawartości
- Tekst
-
- b
- Kod określający zawartość
- txt
-
- 2
- Źródło (terminu i kodu)
- rdacontent
|
|
337 -Typ mediów [ , ]
|
-
- a
- Tryb odtwarzania
- Bez urządzenia pośredniczącego
-
-
- 2
- Źródło (terminu i kodu)
- rdamedia
|
|
338 -Typ/rodzaj nośnika [ , ]
|
-
- a
- Hasło opisujące typ nośnika
- Wolumin
-
-
- 2
- Źródło (terminu i kodu)
- rdacarrier
|
|
380 -Deskryptor - Forma dzieła (P) [ , ]
|
-
- a
- forma dzieła (NP)
- Książki
|
|
380 -Deskryptor - Forma dzieła (P) [ , ]
|
-
- a
- forma dzieła (NP)
- Publikacje naukowe
|
|
380 -Deskryptor - Forma dzieła (P) [ , ]
|
-
- a
- forma dzieła (NP)
- Publikacje fachowe
|
|
380 -Deskryptor - Forma dzieła (P) [ , ]
|
-
- a
- forma dzieła (NP)
- Publikacje dydaktyczne
|
|
385 -Deskryptor - grupa odbiorców (P) [ , ]
|
-
- m
- wyrażenie wprowadzające (NP)
- Poziom nauczania
-
- a
- termin określający odbiorcę (P)
- Szkoły wyższe
|
|
385 -Deskryptor - grupa odbiorców (P) [ , ]
|
-
- a
- termin określający odbiorcę (P)
- Pracownicy naukowi i pracownice naukowe
|
|
385 -Deskryptor - grupa odbiorców (P) [ , ]
|
-
- a
- termin określający odbiorcę (P)
- Prawnicy i prawniczki
|
|
385 -Deskryptor - grupa odbiorców (P) [ , ]
|
-
- a
- termin określający odbiorcę (P)
- Urzędniczki i urzędnicy
|
|
388 -Deskryptor - czas powstania dzieła (P) [1, ]
|
-
- a
- Czas powstania dzieła (NP)
- 2001-
|
|
700 -Hasło dodatkowe - nazwa osobowa [1, ]
|
-
- a
- Nazwa osobowa (NP)
- Blicharz, Jolanta
-
- c
- Dopowiedzenie inne niż daty biograficzne (NP)
- (prawo).
-
- e
- Określenie rodzaju współpracy
- Autor
-
- e
- Określenie rodzaju współpracy
- Redakcja
-
|
|
700 -Hasło dodatkowe - nazwa osobowa [1, ]
|
-
- a
- Nazwa osobowa (NP)
- Lisowski, Piotr
-
- d
- Daty biograficzne (NP)
- (1964- ).
-
- e
- Określenie rodzaju współpracy
- Autor
-
- e
- Określenie rodzaju współpracy
- Redakcja
-
|
|
700 -Hasło dodatkowe - nazwa osobowa [1, ]
|
-
- a
- Nazwa osobowa (NP)
- Behr, Jolanta.
-
- e
- Określenie rodzaju współpracy
- Autor
-
|
|
700 -Hasło dodatkowe - nazwa osobowa [1, ]
|
-
- a
- Nazwa osobowa (NP)
- Błażewski, Maciej
-
- d
- Daty biograficzne (NP)
- (1986- ).
-
- e
- Określenie rodzaju współpracy
- Autor
-
|
|
700 -Hasło dodatkowe - nazwa osobowa [1, ]
|
-
- a
- Nazwa osobowa (NP)
- Cendrowicz, Dominika.
-
- e
- Określenie rodzaju współpracy
- Autor
-
|
|
700 -Hasło dodatkowe - nazwa osobowa [1, ]
|
-
- a
- Nazwa osobowa (NP)
- Chrisidu-Budnik, Agnieszka.
-
- e
- Określenie rodzaju współpracy
- Autor
-
|
|
700 -Hasło dodatkowe - nazwa osobowa [1, ]
|
-
- a
- Nazwa osobowa (NP)
- Giełda, Małgorzata.
-
- e
- Określenie rodzaju współpracy
- Autor
-
|
|
700 -Hasło dodatkowe - nazwa osobowa [1, ]
|
-
- a
- Nazwa osobowa (NP)
- Horubski, Krzysztof.
-
- e
- Określenie rodzaju współpracy
- Autor
-
|
|
700 -Hasło dodatkowe - nazwa osobowa [1, ]
|
-
- a
- Nazwa osobowa (NP)
- Kiczka, Karol
-
- d
- Daty biograficzne (NP)
- (1967- ).
-
- e
- Określenie rodzaju współpracy
- Autor
-
|
|
700 -Hasło dodatkowe - nazwa osobowa [1, ]
|
-
- a
- Nazwa osobowa (NP)
- Korczak, Jerzy.
-
- e
- Określenie rodzaju współpracy
- Autor
-
|
|
700 -Hasło dodatkowe - nazwa osobowa [1, ]
|
-
- a
- Nazwa osobowa (NP)
- Kowalczyk, Barbara
-
- c
- Dopowiedzenie inne niż daty biograficzne (NP)
- (prawo).
-
- e
- Określenie rodzaju współpracy
- Autor
-
|
|
700 -Hasło dodatkowe - nazwa osobowa [1, ]
|
-
- a
- Nazwa osobowa (NP)
- Kozłowska, Małgorzata
-
- c
- Dopowiedzenie inne niż daty biograficzne (NP)
- (prawo administracyjne).
-
- e
- Określenie rodzaju współpracy
- Autor
-
|
|
700 -Hasło dodatkowe - nazwa osobowa [1, ]
|
-
- a
- Nazwa osobowa (NP)
- Kulińska-Jachowska, Karolina.
-
- e
- Określenie rodzaju współpracy
- Autor
-
|
|
700 -Hasło dodatkowe - nazwa osobowa [1, ]
|
-
- a
- Nazwa osobowa (NP)
- Kusiak-Winter, Renata.
-
- e
- Określenie rodzaju współpracy
- Autor
-
|
|
700 -Hasło dodatkowe - nazwa osobowa [1, ]
|
-
- a
- Nazwa osobowa (NP)
- Mielczarek-Mikołajów, Justyna.
-
- e
- Określenie rodzaju współpracy
- Autor
-
|
|
700 -Hasło dodatkowe - nazwa osobowa [1, ]
|
-
- a
- Nazwa osobowa (NP)
- Miemiec, Marcin.
-
- e
- Określenie rodzaju współpracy
- Autor
-
|
|
700 -Hasło dodatkowe - nazwa osobowa [1, ]
|
-
- a
- Nazwa osobowa (NP)
- Mikowski, Rafał.
-
- e
- Określenie rodzaju współpracy
- Autor
-
|
|
700 -Hasło dodatkowe - nazwa osobowa [1, ]
|
-
- a
- Nazwa osobowa (NP)
- Ostapski, Adam.
-
- e
- Określenie rodzaju współpracy
- Autor
-
|
|
700 -Hasło dodatkowe - nazwa osobowa [1, ]
|
-
- a
- Nazwa osobowa (NP)
- Pakuła, Andrzej
-
- d
- Daty biograficzne (NP)
- (1952- ).
-
- e
- Określenie rodzaju współpracy
- Autor
-
|
|
700 -Hasło dodatkowe - nazwa osobowa [1, ]
|
-
- a
- Nazwa osobowa (NP)
- Prus, Łukasz.
-
- e
- Określenie rodzaju współpracy
- Autor
-
|
|
700 -Hasło dodatkowe - nazwa osobowa [1, ]
|
-
- a
- Nazwa osobowa (NP)
- Przedańska, Justyna.
-
- e
- Określenie rodzaju współpracy
- Autor
-
|
|
700 -Hasło dodatkowe - nazwa osobowa [1, ]
|
-
- a
- Nazwa osobowa (NP)
- Raszewska-Skałecka, Renata.
-
- e
- Określenie rodzaju współpracy
- Autor
-
|
|
700 -Hasło dodatkowe - nazwa osobowa [1, ]
|
-
- a
- Nazwa osobowa (NP)
- Sobieralski, Krzysztof
-
- c
- Dopowiedzenie inne niż daty biograficzne (NP)
- (prawnik).
-
- e
- Określenie rodzaju współpracy
- Autor
-
|
|
700 -Hasło dodatkowe - nazwa osobowa [1, ]
|
-
- a
- Nazwa osobowa (NP)
- Supernat, Jerzy
-
- d
- Daty biograficzne (NP)
- (1951- ).
-
- e
- Określenie rodzaju współpracy
- Autor
-
|
|
700 -Hasło dodatkowe - nazwa osobowa [1, ]
|
-
- a
- Nazwa osobowa (NP)
- Tabernacka, Magdalena
-
- d
- Daty biograficzne (NP)
- (1974- ).
-
- e
- Określenie rodzaju współpracy
- Autor
-
|
|
710 -Hasło dodatkowe - nazwa ciała zbiorowego [2, ]
|
-
- a
- Nazwa ciała zbiorowego lub nazwa geograficzna jako pierwszy element (NP)
- Wolters Kluwer Polska.
-
- e
- Rodzaj współpracy
- Wydawca
-
-
|